Game of Thrones Kings and Queens (SHOW) - Statistics

General Stats
  • This quiz has been taken 491 times
  • The average score is 23 of 28
Answer Stats
Reign (AC) Name % Correct
303-304 Jon Snow
99%
298-300 Robb Stark
99%
298-301 Joffrey I Baratheon
95%
281-298 Robert I Baratheon
95%
131-157 Aegon III Targaryen
94%
129-131 Aegon II Targaryen
94%
1-37 Aegon I Targaryen
94%
172-184 Aegon IV Targaryen
94%
233-262 Aegon V Targaryen
94%
298-305 Daenerys I Targaryen
94%
281-298 Viserys III Targaryen
94%
171-172 Viserys II Targaryen
94%
103-129 Viserys I Targaryen
94%
303-305 Cersei I Lannister
92%
305-? Sansa Stark
91%
299-302 Stannis I Baratheon
91%
301-303 Tommen I Baratheon
91%
305-? Brandon I Stark
89%
298-299 Renly I Baratheon
89%
262-281 Aerys II Targaryen
83%
209-221 Aerys I Targaryen
83%
48-103 Jaehaerys I Targaryen
67%
42-48 Maegor I Targaryen
60%
161-171 Baelor I Targaryen
53%
184-209 Daeron II Targaryen
50%
157-161 Daeron I Targaryen
50%
221-233 Maekar I Targaryen
49%
37-42 Aenys I Targaryen
48%
No matching quizzes found
Score Distribution
Percent of People with Each Score
Percentile by Number Answered
Your Score History
You have not taken this quiz